000 01306nam a2200325 a 4500
001 ebr2001017
003 CaPaEBR
006 m u
007 cr cn|||||||||
008 010903s2001 nyua sb 001 0 eng
015 _aGBA1-22852
016 7 _a0262062151
_2Uk
020 _z0262062151
040 _aCaPaEBR
_cCaPaEBR
035 _a(OCoLC)50855354
050 1 4 _aHC59.72.I5
_bF54 2001eb
082 0 4 _a339.22091724
_221
100 1 _aFields, Gary S.
245 1 0 _aDistribution and development
_h[electronic resource] :
_ba new look at the developing world /
_cGary S. Fields.
260 _aNew York :
_bRussell Sage Foundation ;
_aLondon :
_bMIT Press,
_c2001.
300 _ax, 260 p. :
_bill.
504 _aIncludes bibliographical references and index.
533 _aElectronic reproduction.
_bPalo Alto, Calif. :
_cebrary,
_d2013.
_nAvailable via World Wide Web.
_nAccess may be limited to ebrary affiliated libraries.
650 0 _aIncome distribution
_zDeveloping countries.
650 0 _aPoverty
_zDeveloping countries.
651 0 _aDeveloping countries
_xEconomic conditions.
655 7 _aElectronic books.
_2local
710 2 _aebrary, Inc.
856 4 0 _uhttp://site.ebrary.com/lib/rucke/Doc?id=2001017
_zAn electronic book accessible through the World Wide Web; click to view
999 _c127012
_d127012